000 00509nam a2200205 4500
001 4067652
005 20180201040638.0
008 690827r19691900nyuabe b 001 0 eng
010 _a 68030723
040 _aDLC
_cDLC
_dDLC
041 _aeng
080 _a370.973
082 0 0 _a370.973 BUT
100 1 _a46
101 _aEDU
245 1 0 _aEducation in the United States.
504 _aIncludes bibliographical references.
906 _a7
_bcbc
_corignew
_du
_encip
_f19
_gy-gencatlg
942 _2ddc
_cBK
999 _c41472
_d41472